Statistics for Countries Containing Y

Click here to take the quiz!

General Stats

  • This quiz has been taken 1,269 times
    (1,263 since last reset)
  • The average score is 13 of 19

Answer Stats

Country% Correct
Yemen
87%
Uruguay
79%
Paraguay
78%
Italy
77%
Germany
73%
Norway
73%
Turkey
70%
Hungary
69%
Kyrgyzstan
67%
Libya
67%
Guyana
66%
Syria
66%
Malaysia
64%
Cyprus
61%
Egypt
61%
Myanmar
60%
Kenya
55%
Seychelles
49%
Vatican City
40%

Score Distribution

Percentile by Number Answered

Percent of People with Each Score

Your Score History

You have not taken this quiz since the last reset